| 000 | 00355nam a22001217a 4500 | ||
|---|---|---|---|
| 082 |
_a693.5 _bBAL _cMCE-L-19,P69 |
||
| 100 |
_aMuhammad Ibrahim Baluch _951081 |
||
| 245 | _aConcrete construction | ||
| 526 |
_a0 _b0 _c0 _d693_500000000000000_BAL |
||
| 526 |
_a0 _b0 _c0 _d693_500000000000000_BAL |
||
| 526 |
_a0 _b0 _c0 _d693_500000000000000_BAL |
||
| 942 |
_2ddc _cBK |
||
| 999 |
_c553829 _d553829 |
||